| 000 | 00419nam a2200157 i 4500 | ||
|---|---|---|---|
| 001 | 70682 | ||
| 003 | ES-MaACL | ||
| 005 | 20230906170904.0 | ||
| 007 | t| | ||
| 008 | 040729s1971 sp ||||1| spa d | ||
| 100 | 1 |
_aGarijo, Angel. _955554 |
|
| 245 | 1 | 3 |
_aLa renovación de los Dominicos / _cAngel Garijo. |
| 260 |
_aGuadalajara : _bOPE, _c[1971] |
||
| 300 |
_a292 p. ; _c21 cm. |
||
| 852 |
_aES-MaACL _jC-47387 _bR.79435 |
||
| 999 |
_c70682 _d70682 |
||